000 01221nam a22003497a 4500
003 CHAP
005 20220329142810.0
008 031117d2002 co ab r 00110 spa d
010 _a87903
011 _a88875
020 _a01203150
035 _a99420
040 _cCHAP
090 _aFolleto 15542 (2000-01)
110 2 _aCentro Internacional de Agricultura Tropical
_921185
245 1 0 _aCIAT en perspectiva 2000-2001:
_ba obtener lo mejor del cambio mundial
_c/por CIAT
260 _aCali, Colombia :
_bCentro Internacional de Agricultura Tropical,
_c2002
300 _a44 p. :
_bilus. ; mapa
590 _aBATCH-UPD
_b10
_c20130110
_lUCH01
_h0027
590 _aBATCH-UPD
_b10
_c20130110
_lUCH01
_h1142
590 _aBATCH-UPD
_b10
_c20130409
_lUCH01
_h2008
590 _aBATCH-UPD
_b10
_c20130410
_lUCH01
_h0728
590 _aBATCH-UPD
_b10
_c20130913
_lUCH01
_h2110
590 _aCONVERSION
_b10
_c20130109
_lUCH01
_h1349
650 1 4 _aAgricultura
_xInvestigación
_xTrópicos.
_91686
650 1 4 _aAgricultura
_xPlagas.
_91764
650 1 4 _aPastos
_xGerminación.
_986040
901 _aBK
905 _aMarco A. Mendoza T.
942 _cFOLL
949 _aFolleto 15542 (2000-01)
_bBC
_cFOLL
_d33724002001850
_eTS1
_i99420
_sb
999 _c87903
_d87903